000 01088nam a22002777a 4500
005 20240530110513.0
008 151216s2013 ua a g b 000 0 ara d
017 _a2012/11814
_bمصر . دار الكتب المصرية
020 _a9789773279891
040 _aEG-CaGPL
082 0 4 _221
_a380.141\
_bج أ
100 0 _aجابر احمد بسيونى .
245 1 2 _aالاتجاهات المعاصرة فى التسويق الزراعى و ادارة الجودة الشاملة /
_cجابر احمد بسيونى .
250 _aط1.
260 _aالاسكندرية :
_bدار الوفاء لدنيا الطباعة و النشر ،
_c2013 .
300 _a295 ص ؛
_c24 سم .
504 _aببليوجرافية : ص 281 - 286
650 0 4 _aالتسويق
_xادارة .
650 0 4 _aجودة الانتاج .
650 0 4 _aالانتاج الزراعى
_xتسويق .
650 0 4 _aالكفاية .
650 0 4 _aالتسويق التعاونى .
650 0 4 _aادارة التسويق .
942 _2ddc
_cBK
999 _c61717
_d61717